000 01493nam0a2200313 4500
001 RU\NLR\bibl\1310542
005 20250615153917.0
010 _a978-5-903597-02-4
_9100
021 _aRU
_b2008-85612
_94997
035 _a(NLR Aleph) 001296000
090 _a589059
_c589059
100 _a20081222d2008 |||y0rusy50 ca
101 0 _arus
102 _aRU
105 _ay |||||||||
200 1 _aПсихолого-педагогические условия профессионального становления курсантов
_fО.Н. Тымчук
_gФедер. агентство по образованию, Гос. образоват. учреждение высш. проф. образования, Ульян. высш. воен.-техн. училище (воен. ин-т)
210 _aУльяновск
_cУВВТУ
_d2008
215 _a168 с.
_d21
300 _aНа 4-й с. обл. авт.: Майор Тымчук О.Н., к.п.н.
320 _aБиблиогр.: с. 101-124 (212 назв.)
606 1 _aВысшие военно-учебные заведения
_xОрганизация учебного процесса
_yРоссийская Федерация
_92088261
_3RU\NLR\auth\661264202
686 _aЦ4,6(2Р)390-2
700 1 _aТымчук
_bО. Н.
_gОлеся Николаевна
_4070
801 0 _aRU
_bNLR
_c20081222
_gRCR
801 1 _aRU
_bNLR
_c20081222
942 _cBOOK
980 _aNB
980 _aNBR